000 00408nam a2200181Ia 4500
008 210210b2009 xxu||||| |||| 00| 0 eng d
041 _aeng
082 _a344.01 SAIL
100 _aSAIYED (I A)
245 _aLabour law Rev Ed 3
250 _a
260 _aMumbai
_bHimalaya Publishing House
_c2009
300 _a680
650 _alaw
650 _aLabour
690 _aLabour Law
906 _a064154
999 _c139743
_d139743